[Event "14th IPCA WORLD INDIVIDUAL CHESS CH 201"]
[Site "Apatin - Banja Junakovic"]
[Date "2014.09.21"]
[Round "7.12"]
[White "Aleksandrova, Aleksandra"]
[Black "Konkolova, Nikola"]
[Result "1-0"]
[WhiteElo "1947"]
[BlackElo "1485"]
[PlyCount "51"]
[EventDate "2014.09.16"]

1. d4 d5 2. Nf3 Nf6 3. e3 c6 4. Bd3 g6 5. Nbd2 Bg7 6. c3 O-O 7. Ne5 Nbd7 8.
Nxd7 Bxd7 9. h4 h5 10. Qc2 Qe8 11. Nf3 Ng4 12. O-O Nh6 13. e4 dxe4 14. Bxe4 Bf5
15. Re1 Bxe4 16. Qxe4 e6 17. Ne5 Nf5 18. g4 Nd6 19. Qg2 hxg4 20. Nxg4 Qe7 21.
Bg5 f6 22. Bf4 Rad8 23. Re2 Rde8 24. Rae1 Qf7 25. h5 gxh5 26. Nh6+ 1-0

[Event "14th IPCA WORLD INDIVIDUAL CHESS CH 201"]
[Site "Apatin - Banja Junakovic"]
[Date "2014.09.21"]
[Round "7.13"]
[White "Kurochkina, Elena"]
[Black "Strekalovski, Viktor"]
[Result "1-0"]
[WhiteElo "1768"]
[BlackElo "2057"]
[PlyCount "117"]
[EventDate "2014.09.16"]

1. d4 c6 2. c4 e6 3. Nf3 Be7 4. Nc3 d6 5. e4 Nd7 6. Be2 a6 7. a4 Qc7 8. Bf4 e5
9. Be3 Ngf6 10. Nd2 O-O 11. O-O Re8 12. d5 Nf8 13. a5 N6d7 14. Na4 c5 15. f4
exf4 16. Bxf4 Ng6 17. Be3 b5 18. axb6 Nxb6 19. Qc2 Bf6 20. Ra3 Nd7 21. Nc3 Rb8
22. Rb3 Rxb3 23. Qxb3 Nde5 24. Qa4 Qe7 25. Nf3 Bd7 26. Qxa6 Ng4 27. Bd2 Bd4+
28. Nxd4 cxd4 29. Nb5 Qxe4 30. Bf3 Qd3 31. Qa5 Nf4 32. Bxf4 h6 33. Nxd6 Ne3 34.
Re1 Rb8 35. Bxe3 dxe3 36. Qc3 Qg6 37. c5 Ba4 38. Rxe3 Rb3 39. Qc1 Rxe3 40. Qxe3
Qb1+ 41. Kf2 Qxb2+ 42. Kg3 Qf6 43. Be4 Qe5+ 44. Kf2 Kf8 45. Bf3 Qb2+ 46. Kg3
Qf6 47. Ne4 Qe5+ 48. Qf4 Qa1 49. Nd6 Qe1+ 50. Kh3 Qe7 51. c6 g5 52. Qxa4 Qxd6
53. Qg4 Kg7 54. Qf5 Qc7 55. Bh5 g4+ 56. Bxg4 Qe7 57. Qf4 Qa3+ 58. Bf3 Qc5 59.
d6 1-0

[Event "14th IPCA WORLD INDIVIDUAL CHESS CH 201"]
[Site "Apatin - Banja Junakovic"]
[Date "2014.09.21"]
[Round "7.14"]
[White "Sataeva, Lana"]
[Black "Kestlane, Harry"]
[Result "1-0"]
[WhiteElo "1483"]
[BlackElo "1843"]
[PlyCount "61"]
[EventDate "2014.09.16"]

1. e4 e5 2. Nf3 Nf6 3. Nc3 Nc6 4. d4 exd4 5. Nxd4 Bb4 6. Nxc6 bxc6 7. Bd3 d5 8.
exd5 cxd5 9. O-O O-O 10. Bg5 Be7 11. Bxf6 Bxf6 12. Nxd5 Bxb2 13. Rb1 Ba3 14.
Re1 c6 15. Nb4 Qf6 16. Nxc6 Bc5 17. Qf3 Qxf3 18. gxf3 Be6 19. c4 Rac8 20. Ne5
Bd4 21. Rbc1 Rfd8 22. Bf1 Rc5 23. f4 Ra5 24. Nc6 Bb6 25. Nxa5 Bxa5 26. Red1 Re8
27. f5 Bxf5 28. Rd5 Re4 29. Rxa5 Re6 30. Rc3 Rf6 31. Bg2 1-0

[Event "14th IPCA WORLD INDIVIDUAL CHESS CH 201"]
[Site "Apatin - Banja Junakovic"]
[Date "2014.09.21"]
[Round "7.16"]
[White "Sergeeva, Anna"]
[Black "Diachina, Olga"]
[Result "0-1"]
[WhiteElo "1274"]
[BlackElo "1607"]
[PlyCount "74"]
[EventDate "2014.09.16"]

1. e4 e5 2. Nf3 d6 3. Nc3 c6 4. d4 Nd7 5. Bc4 h6 6. O-O Ngf6 7. b4 g5 8. b5 g4
9. Nh4 Nxe4 10. Nxe4 Qxh4 11. Be2 Rg8 12. f4 Be7 13. fxe5 dxe5 14. dxe5 Nxe5
15. Bb2 g3 16. Nxg3 Ng4 17. Bxg4 Bxg4 18. Qe1 Be6 19. Nf5 Qg5 20. Ng3 Qd5 21.
Bf6 Qc5+ 22. Kh1 Qxc2 23. Bxe7 Kxe7 24. Rf2 Qg6 25. Nf5+ Kd7 26. Rd1+ Ke8 27.
Nd6+ Kf8 28. Qb4 Kg7 29. Rd3 Kh7 30. Rg3 Qh5 31. Qe4+ Rg6 32. h3 Qd1+ 33. Kh2
Qxd6 34. Rf4 Qd5 35. Qb1 Rag8 36. Rxg6 Rxg6 37. Rf1 Qxg2# 0-1

[Event "14th IPCA WORLD INDIVIDUAL CHESS CH 201"]
[Site "Apatin - Banja Junakovic"]
[Date "2014.09.22"]
[Round "8.1"]
[White "Obodchuk, Andrei"]
[Black "Venkata, Krishna Karthik K"]
[Result "1-0"]
[WhiteElo "2370"]
[BlackElo "1967"]
[PlyCount "63"]
[EventDate "2014.09.16"]

1. d4 d5 2. c4 c6 3. Nf3 Nf6 4. Nc3 dxc4 5. e4 b5 6. e5 Nd5 7. a4 Qa5 8. Bd2 b4
9. Ne4 Ba6 10. Qc1 c3 11. bxc3 bxc3 12. Nxc3 Nb4 13. Na2 Nxa2 14. Bxa5 Nxc1 15.
Rxc1 Bxf1 16. Rxf1 e6 17. Ke2 Be7 18. Rc2 c5 19. dxc5 Nc6 20. Bc7 Kd7 21. Bd6
Bxd6 22. Rd2 h6 23. Rfd1 Rhd8 24. Rxd6+ Kc7 25. Nd4 Nxd4+ 26. R1xd4 Rab8 27.
Kd3 Rxd6 28. cxd6+ Kd7 29. Rc4 Rb7 30. Kc3 f6 31. f4 fxe5 32. fxe5 1-0

[Event "14th IPCA WORLD INDIVIDUAL CHESS CH 201"]
[Site "Apatin - Banja Junakovic"]
[Date "2014.09.22"]
[Round "8.2"]
[White "Mikheev, Stanislav"]
[Black "Balberov, Alexander"]
[Result "1/2-1/2"]
[WhiteElo "2195"]
[BlackElo "2380"]
[PlyCount "21"]
[EventDate "2014.09.16"]

1. d4 Nf6 2. c4 e6 3. Nf3 b6 4. g3 Ba6 5. b3 Bb4+ 6. Bd2 Be7 7. Bg2 c6 8. Qc2
d5 9. O-O Nbd7 10. Rd1 O-O 11. a4 1/2-1/2

[Event "14th IPCA WORLD INDIVIDUAL CHESS CH 201"]
[Site "Apatin - Banja Junakovic"]
[Date "2014.09.22"]
[Round "8.3"]
[White "Vovk, Viktor"]
[Black "Yarmonov, Igor"]
[Result "0-1"]
[WhiteElo "2172"]
[BlackElo "2361"]
[PlyCount "138"]
[EventDate "2014.09.16"]

1. e4 e5 2. Nf3 d6 3. Bc4 Be7 4. O-O Nf6 5. d3 O-O 6. Bg5 Nbd7 7. Nbd2 a5 8. a4
Nc5 9. Be3 Ne6 10. h3 c6 11. Bb3 Qc7 12. Nc4 Nd7 13. d4 Re8 14. Qd2 exd4 15.
Nxd4 Nec5 16. f3 Nxb3 17. Nxb3 b6 18. Rfd1 f5 19. Nxd6 Bxd6 20. Qxd6 Qxd6 21.
Rxd6 fxe4 22. f4 c5 23. Nd2 Rb8 24. Nc4 Ba6 25. Rxd7 Bxc4 26. Rad1 Be6 27. Rc7
Red8 28. Rxd8+ Rxd8 29. Kf2 Rd6 30. b3 h5 31. Ke2 Bd7 32. Bd2 Kf8 33. Bc3 Ke8
34. Rb7 Rg6 35. Kf2 e3+ 36. Kxe3 Rg3+ 37. Kd2 Rxg2+ 38. Ke3 Bxh3 39. Rxb6 Rg3+
40. Kd2 Bf5 41. Rb8+ Kd7 42. Rh8 g6 43. Bxa5 Rg2+ 44. Ke3 Rxc2 45. Be1 Rb2 46.
Rb8 Bg4 47. Kd3 Kc7 48. Rb5 Kc6 49. Rb8 Re2 50. Ba5 Rf2 51. Ke3 Re2+ 52. Kd3
Ra2 53. Be1 Kc7 54. Rh8 Bf5+ 55. Ke3 Ra3 56. Ba5+ Kb7 57. Rh7+ Ka6 58. Bc3 Rxb3
59. Kd2 Ra3 60. a5 Kb5 61. Bf6 Rxa5 62. Kc3 Ra3+ 63. Kb2 Rf3 64. Be5 Kc4 65.
Rc7 Rf2+ 66. Kc1 h4 67. Bd6 Kd5 68. Be7 Rc2+ 69. Kd1 h3 0-1

[Event "14th IPCA WORLD INDIVIDUAL CHESS CH 201"]
[Site "Apatin - Banja Junakovic"]
[Date "2014.09.22"]
[Round "8.4"]
[White "Moskvin, Anatoly"]
[Black "Kozhabekov, Adilkhan"]
[Result "1/2-1/2"]
[WhiteElo "1870"]
[BlackElo "2103"]
[PlyCount "45"]
[EventDate "2014.09.16"]

1. e4 c5 2. Nc3 e6 3. g3 d6 4. Bg2 Nf6 5. d3 Be7 6. f4 O-O 7. Nf3 Nc6 8. O-O a6
9. h3 Rb8 10. g4 Ne8 11. f5 g6 12. Bh6 Ng7 13. Qd2 f6 14. fxe6 Bxe6 15. Nd5 b5
16. d4 cxd4 17. Nxd4 Bxd5 18. exd5 Nxd4 19. Qxd4 Qb6 20. Qxb6 Rxb6 21. Rae1 Rb7
22. Re2 Rf7 23. Bf4 1/2-1/2

[Event "14th IPCA WORLD INDIVIDUAL CHESS CH 201"]
[Site "Apatin - Banja Junakovic"]
[Date "2014.09.22"]
[Round "8.5"]
[White "Valenta, Vit"]
[Black "Ursic, Aleksander"]
[Result "1-0"]
[WhiteElo "2134"]
[BlackElo "1939"]
[PlyCount "143"]
[EventDate "2014.09.16"]

1. Nf3 d5 2. c4 c6 3. b3 Nf6 4. Bb2 Bf5 5. d3 e6 6. Nbd2 Nbd7 7. g3 Bc5 8. d4
Bb4 9. a3 Ba5 10. Bg2 O-O 11. O-O Ne4 12. b4 Bc7 13. Nh4 Nd6 14. Nxf5 Nxf5 15.
e4 Ne7 16. Rc1 Rc8 17. Qb3 Nf6 18. b5 Ba5 19. e5 Bxd2 20. exf6 gxf6 21. Rc2 Bh6
22. a4 Re8 23. cxd5 cxd5 24. Rxc8 Qxc8 25. Qf3 f5 26. Qh5 Kg7 27. Qe2 Qc7 28.
Ba3 b6 29. Re1 Rd8 30. f4 Kg8 31. Qe5 Qxe5 32. dxe5 Bf8 33. Rc1 Rc8 34. Kf2
Rxc1 35. Bxc1 Nc8 36. h3 Bc5+ 37. Kf3 Ne7 38. Bf1 Kg7 39. g4 h6 40. Bd3 f6 41.
Bb2 fxe5 42. Bxe5+ Kg6 43. h4 h5 44. gxh5+ Kxh5 45. Kg3 Nc8 46. Be2+ Kh6 47. h5
Bd6 48. Bf6 Bc7 49. Bg5+ Kh7 50. h6 Nd6 51. Bh5 Ne4+ 52. Kh4 e5 53. fxe5 Bxe5
54. Bf7 d4 55. Kh5 Ng3+ 56. Kh4 d3 57. Bc4 Kg6 58. Bxd3 Ne4 59. Bxe4 fxe4 60.
Kg4 Bd4 61. Bc1 e3 62. Kf3 Kxh6 63. Bxe3+ Bxe3 64. Kxe3 Kg6 65. Kd4 Kf6 66. Kd5
Ke7 67. Kc6 Kd8 68. Kb7 Kd7 69. Kxa7 Kc7 70. a5 bxa5 71. b6+ Kc6 72. b7 1-0

[Event "14th IPCA WORLD INDIVIDUAL CHESS CH 201"]
[Site "Apatin - Banja Junakovic"]
[Date "2014.09.22"]
[Round "8.6"]
[White "Tersinsev, Andrey"]
[Black "Vodyasov, Evgeny"]
[Result "1/2-1/2"]
[WhiteElo "2043"]
[BlackElo "2220"]
[PlyCount "27"]
[EventDate "2014.09.16"]

1. d4 e6 2. c4 f5 3. Nc3 Nf6 4. Qc2 d5 5. Bf4 c6 6. Nf3 Be7 7. e3 O-O 8. Bd3
Na6 9. a3 Kh8 10. cxd5 cxd5 11. Bxa6 bxa6 12. Na4 Ne4 13. Bc7 Qe8 14. Rc1
1/2-1/2

[Event "14th IPCA WORLD INDIVIDUAL CHESS CH 201"]
[Site "Apatin - Banja Junakovic"]
[Date "2014.09.22"]
[Round "8.7"]
[White "Kovacevic, Krsto"]
[Black "Linqvist, Grels"]
[Result "1-0"]
[WhiteElo "2068"]
[BlackElo "2026"]
[PlyCount "105"]
[EventDate "2014.09.16"]

1. e4 e6 2. d3 d5 3. Nd2 Nf6 4. g3 dxe4 5. dxe4 e5 6. c3 Bc5 7. h3 O-O 8. Ngf3
Nc6 9. Qc2 a5 10. Nc4 Qe7 11. Be3 Rd8 12. Bd3 b6 13. Bxc5 Qxc5 14. Ne3 Be6 15.
Kf1 Rd7 16. Ng5 Rad8 17. Nxe6 fxe6 18. Rd1 b5 19. Kg2 a4 20. Be2 Rxd1 21. Rxd1
Rxd1 22. Bxd1 Qd6 23. Be2 Na7 24. Qd3 Qxd3 25. Bxd3 Kf7 26. b4 Ke7 27. Kf3 Nd7
28. Nc2 c5 29. Ke3 c4 30. Be2 Kd6 31. f4 exf4+ 32. gxf4 e5 33. fxe5+ Kxe5 34.
Nd4 g6 35. Bg4 Nf8 36. h4 h5 37. Bh3 Nh7 38. Bd7 Nf6 39. Nf3+ Kd6 40. Bh3 Ne8
41. Kf4 Nc6 42. e5+ Ke7 43. Ng5 Nc7 44. Bg2 Nd8 45. Be4 Nde6+ 46. Nxe6 Kxe6 47.
Bc6 Nd5+ 48. Bxd5+ Kxd5 49. a3 Ke6 50. Ke4 g5 51. hxg5 h4 52. g6 h3 53. Kf3 1-0

[Event "14th IPCA WORLD INDIVIDUAL CHESS CH 201"]
[Site "Apatin - Banja Junakovic"]
[Date "2014.09.22"]
[Round "8.8"]
[White "Melnik, Galina"]
[Black "Zavarsky, Juraj"]
[Result "1/2-1/2"]
[WhiteElo "1971"]
[BlackElo "2012"]
[PlyCount "45"]
[EventDate "2014.09.16"]

1. d4 Nf6 2. Nf3 b6 3. g3 Bb7 4. Bg2 e6 5. c4 Bb4+ 6. Bd2 Qe7 7. O-O O-O 8. a3
Bxd2 9. Nbxd2 c5 10. dxc5 bxc5 11. Qb3 d6 12. Rad1 Nc6 13. Qc3 a5 14. Rb1 h6
15. e3 Rfd8 16. Rfc1 Ng4 17. Ne1 f5 18. Nd3 Nce5 19. Bxb7 Nxd3 20. Rf1 Qxb7 21.
Qxd3 Qc6 22. Qe2 Ne5 23. e4 1/2-1/2

[Event "14th IPCA WORLD INDIVIDUAL CHESS CH 201"]
[Site "Apatin - Banja Junakovic"]
[Date "2014.09.22"]
[Round "8.9"]
[White "Tsapalin, Sergey"]
[Black "Kaydanovich, Marina"]
[Result "0-1"]
[WhiteElo "1987"]
[BlackElo "1824"]
[PlyCount "40"]
[EventDate "2014.09.16"]

1. d4 d5 2. c4 e6 3. Nc3 Nf6 4. cxd5 exd5 5. Bg5 c6 6. Qc2 h6 7. Bh4 Na6 8. a3
Nc7 9. e3 Be7 10. Bd3 O-O 11. Nge2 Ne6 12. O-O-O b5 13. f3 a5 14. Na2 Bd7 15.
g4 b4 16. a4 c5 17. Bxf6 Bxf6 18. dxc5 Nxc5 19. Bh7+ Kh8 20. b3 Nxa4 0-1

[Event "14th IPCA WORLD INDIVIDUAL CHESS CH 201"]
[Site "Apatin - Banja Junakovic"]
[Date "2014.09.22"]
[Round "8.10"]
[White "Jennitha, Anto K"]
[Black "Aleksandrova, Aleksandra"]
[Result "1/2-1/2"]
[WhiteElo "1953"]
[BlackElo "1947"]
[PlyCount "91"]
[EventDate "2014.09.16"]

1. e4 d5 2. exd5 Qxd5 3. Nc3 Qa5 4. d4 c6 5. Nf3 Nf6 6. Bc4 e6 7. Bd2 Qc7 8.
Qe2 Be7 9. O-O-O b5 10. Bd3 a5 11. Bg5 a4 12. Bxf6 gxf6 13. Ne4 Nd7 14. c3 b4
15. c4 c5 16. Kb1 Ba6 17. h3 O-O-O 18. Qc2 Qa5 19. d5 Ne5 20. Nxe5 fxe5 21.
dxe6 fxe6 22. Be2 Kc7 23. Rxd8 Rxd8 24. Rd1 Rd4 25. Nd2 e4 26. Nxe4 b3 27. Qc3
Rxd1+ 28. Bxd1 bxa2+ 29. Kxa2 Qxc3 30. Nxc3 Bxc4+ 31. Ka3 Bf1 32. Bf3 Kd6 33.
Kxa4 Ke5 34. Ne4 Kf4 35. Nd2 Bd3 36. g3+ Ke5 37. Bg4 Kd5 38. f4 Bf5 39. Bf3+
Kd4 40. Bc6 Bxh3 41. Nf3+ Ke3 42. Ne5 Kf2 43. g4 Kg3 44. f5 exf5 45. gxf5 Bxf5
46. Kb5 1/2-1/2

[Event "14th IPCA WORLD INDIVIDUAL CHESS CH 201"]
[Site "Apatin - Banja Junakovic"]
[Date "2014.09.22"]
[Round "8.11"]
[White "Denisov, Denis"]
[Black "Riekkinen, Keijo"]
[Result "0-1"]
[WhiteElo "1995"]
[BlackElo "1671"]
[PlyCount "130"]
[EventDate "2014.09.16"]

1. e4 d6 2. d4 Nf6 3. Nc3 c6 4. f4 g6 5. Nf3 Bg7 6. Bd3 Nbd7 7. e5 dxe5 8. fxe5
Nd5 9. Ne4 b5 10. c4 bxc4 11. Bxc4 Qb6 12. Qb3 Bb7 13. Bd2 Rb8 14. O-O O-O 15.
Rac1 Nxe5 16. Qxb6 Nxf3+ 17. Rxf3 axb6 18. Rd3 Rfd8 19. Ng5 h6 20. Nf3 g5 21.
Re1 Kf8 22. Ne5 Bf6 23. Rf1 Kg7 24. Ng4 Rd6 25. Nxf6 Rxf6 26. Re1 e6 27. Rb3 b5
28. Bxd5 exd5 29. Re7 Re6 30. Rc7 Ba8 31. Rf3 Rf6 32. Re3 Kg6 33. Ree7 b4 34.
b3 Rf5 35. Ra7 c5 36. dxc5 d4 37. Bxb4 Bc6 38. Rac7 Bb5 39. g3 Bf1 40. Be1 Bh3
41. Bf2 Rd8 42. Rc6+ Kg7 43. Rd6 Rxd6 44. cxd6 Rd5 45. Re4 d3 46. Bd4+ Kg6 47.
Kf2 Bf5 48. Re1 Rxd4 49. Ke3 Rxd6 50. Kd2 h5 51. a4 Rc6 52. Rc1 Rc2+ 53. Rxc2
dxc2 54. a5 Be4 55. a6 Kf6 56. b4 Ke6 57. a7 f5 58. a8=Q Bxa8 59. Kxc2 Ke5 60.
Kd3 Bc6 61. Ke3 Bb5 62. Kf3 Kd4 63. Kf2 Ke4 64. Kg2 Ke3 65. Kg1 f4 0-1

[Event "14th IPCA WORLD INDIVIDUAL CHESS CH 201"]
[Site "Apatin - Banja Junakovic"]
[Date "2014.09.22"]
[Round "8.12"]
[White "Pilimon, Zbigniew"]
[Black "Tocklin, Tomi"]
[Result "1/2-1/2"]
[WhiteElo "1706"]
[BlackElo "1859"]
[PlyCount "53"]
[EventDate "2014.09.16"]

1. d4 Nf6 2. c4 c5 3. d5 b5 4. cxb5 a6 5. bxa6 Bxa6 6. Nc3 d6 7. e4 Bxf1 8.
Kxf1 g6 9. Nf3 Nbd7 10. g3 Bg7 11. Kg2 O-O 12. Re1 Ng4 13. Bf4 Qa5 14. Qc2 Rfb8
15. a4 Rxb2 16. Qxb2 Bxc3 17. Qb7 Qa7 18. Rab1 Bxe1 19. Nxe1 c4 20. Qxa7 Rxa7
21. Rb4 Nge5 22. Be3 Ra8 23. Nc2 Nc5 24. f4 Ned3 25. Rxc4 Rxa4 26. Rxa4 Nxa4
27. Kf3 1/2-1/2

[Event "14th IPCA WORLD INDIVIDUAL CHESS CH 201"]
[Site "Apatin - Banja Junakovic"]
[Date "2014.09.22"]
[Round "8.13"]
[White "Sataeva, Lana"]
[Black "Kurochkina, Elena"]
[Result "1-0"]
[WhiteElo "1483"]
[BlackElo "1768"]
[PlyCount "59"]
[EventDate "2014.09.16"]

1. e4 c5 2. Nf3 Nc6 3. c3 e6 4. d4 d5 5. exd5 Qxd5 6. c4 Qd8 7. Be3 cxd4 8.
Nxd4 Bb4+ 9. Nc3 Bxc3+ 10. bxc3 Nge7 11. Be2 O-O 12. O-O Qa5 13. Qc2 e5 14.
Nxc6 Nxc6 15. Rab1 Qc7 16. f4 Na5 17. fxe5 Qxe5 18. Bd4 Qc7 19. Rb5 Be6 20. Rc5
Nc6 21. Qd2 Qe7 22. Bd3 Rad8 23. Rh5 h6 24. Bf6 Rxd3 25. Qxd3 Qc7 26. Qe3 Bxc4
27. Rxh6 Qb6 28. Bd4 Qb5 29. Rh8+ Kxh8 30. Qh6+ 1-0

[Event "14th IPCA WORLD INDIVIDUAL CHESS CH 201"]
[Site "Apatin - Banja Junakovic"]
[Date "2014.09.22"]
[Round "8.14"]
[White "Strekalovski, Viktor"]
[Black "Sergeeva, Anna"]
[Result "1-0"]
[WhiteElo "2057"]
[BlackElo "1274"]
[PlyCount "59"]
[EventDate "2014.09.16"]

1. e4 e5 2. Nf3 Nc6 3. Bb5 a6 4. Bxc6 bxc6 5. Nc3 d6 6. d4 exd4 7. Qxd4 Nf6 8.
e5 Qe7 9. Qc4 c5 10. O-O dxe5 11. Nd5 Be6 12. Qa4+ Bd7 13. Nxc7+ Kd8 14. Qa5
Bc6 15. Nd5+ Kc8 16. Nxe7+ Bxe7 17. Nxe5 Bb5 18. c4 Bd8 19. Qa3 Be8 20. Qxc5+
Bc7 21. Bf4 Ne4 22. Qe3 f5 23. Ng6 h6 24. Bxc7 Kxc7 25. f3 Nd6 26. Qe7+ Bd7 27.
Rfd1 Ne4 28. Qxd7+ Kb8 29. Qxg7 Re8 30. Rd7 1-0

[Event "14th IPCA WORLD INDIVIDUAL CHESS CH 201"]
[Site "Apatin - Banja Junakovic"]
[Date "2014.09.23"]
[Round "9.1"]
[White "Balberov, Alexander"]
[Black "Obodchuk, Andrei"]
[Result "0-1"]
[WhiteElo "2380"]
[BlackElo "2370"]
[PlyCount "44"]
[EventDate "2014.09.16"]

1. d4 Nf6 2. c4 g6 3. Nc3 d5 4. Bf4 Bg7 5. e3 O-O 6. cxd5 Nxd5 7. Nxd5 Qxd5 8.
Bxc7 Na6 9. Bxa6 bxa6 10. Qf3 Qb5 11. Ne2 Bb7 12. Qg3 Qxb2 13. Rc1 e5 14. Bxe5
Bxe5 15. dxe5 a5 16. Qg4 Ba6 17. Rd1 h5 18. Qf3 Rac8 19. Rd2 Qb1+ 20. Rd1 Qb4+
21. Kf1 Rc2 22. Re1 Rxe2 0-1

[Event "14th IPCA WORLD INDIVIDUAL CHESS CH 201"]
[Site "Apatin - Banja Junakovic"]
[Date "2014.09.23"]
[Round "9.2"]
[White "Yarmonov, Igor"]
[Black "Kovacevic, Krsto"]
[Result "1-0"]
[WhiteElo "2361"]
[BlackElo "2068"]
[PlyCount "67"]
[EventDate "2014.09.16"]

1. d4 Nf6 2. c4 e6 3. Nc3 Bb4 4. Qc2 O-O 5. Bg5 c5 6. e3 cxd4 7. exd4 Nc6 8.
Nf3 d5 9. a3 Be7 10. c5 h6 11. Bf4 Nh5 12. Be3 f5 13. Be2 Bd7 14. O-O Nf6 15.
b4 a6 16. Na4 Be8 17. Nb6 Ra7 18. Rad1 Nd7 19. Nxd7 Qxd7 20. Ne1 Bf6 21. Qc3 e5
22. dxe5 Bxe5 23. Qc2 f4 24. Rxd5 Qe7 25. Bc1 Bf7 26. Rd2 Nd4 27. Rxd4 Bxd4 28.
Bxf4 Raa8 29. Bd6 Qf6 30. Bxf8 Rxf8 31. Nf3 Bc3 32. Rd1 Re8 33. Rd6 Qe7 34.
Bxa6 1-0

[Event "14th IPCA WORLD INDIVIDUAL CHESS CH 201"]
[Site "Apatin - Banja Junakovic"]
[Date "2014.09.23"]
[Round "9.3"]
[White "Kozhabekov, Adilkhan"]
[Black "Mikheev, Stanislav"]
[Result "1/2-1/2"]
[WhiteElo "2103"]
[BlackElo "2195"]
[PlyCount "70"]
[EventDate "2014.09.16"]

1. e4 e6 2. Qe2 c5 3. g3 Nc6 4. Bg2 g6 5. c3 Bg7 6. Nf3 Nge7 7. O-O d6 8. Re1
b6 9. d4 cxd4 10. cxd4 Bxd4 11. Nxd4 Nxd4 12. Qd1 e5 13. Bh6 Qd7 14. Nc3 Bb7
15. Bg7 Rg8 16. Bf6 Qe6 17. Bg5 f6 18. Be3 Nec6 19. Nd5 Rc8 20. b4 b5 21. Rc1
Kf7 22. f4 Kg7 23. Qd2 Qg4 24. Qf2 Rgf8 25. h3 Qd7 26. Qd2 Kh8 27. Rf1 Rf7 28.
fxe5 dxe5 29. Nxf6 Qe6 30. Ng4 Rcf8 31. Rxf7 Rxf7 32. Rc5 Rd7 33. Qf2 Rf7 34.
Qd2 Rd7 35. Qf2 Rf7 1/2-1/2

[Event "14th IPCA WORLD INDIVIDUAL CHESS CH 201"]
[Site "Apatin - Banja Junakovic"]
[Date "2014.09.23"]
[Round "9.4"]
[White "Venkata, Krishna Karthik K"]
[Black "Moskvin, Anatoly"]
[Result "1-0"]
[WhiteElo "1967"]
[BlackElo "1870"]
[PlyCount "93"]
[EventDate "2014.09.16"]

1. e4 e5 2. Nf3 Nc6 3. d4 exd4 4. Nxd4 Bb4+ 5. c3 Bc5 6. Be3 Bb6 7. Nd2 Nf6 8.
Be2 d6 9. O-O O-O 10. f4 Re8 11. Bf3 Nxd4 12. Bxd4 Be6 13. Kh1 Rb8 14. Qc2 c5
15. Bg1 Bg4 16. Rae1 Bxf3 17. Nxf3 Qc7 18. e5 Nd7 19. Ng5 Nf8 20. Qf5 Re7 21.
exd6 Qxd6 22. Ne4 Qc7 23. Nxc5 Bxc5 24. Bxc5 Rxe1 25. Rxe1 Ne6 26. Be3 Rd8 27.
Qe4 b6 28. f5 Nf8 29. Bd4 Qd6 30. Qe5 Qxe5 31. Rxe5 f6 32. Re7 Rd7 33. Rxd7
Nxd7 34. g4 h5 35. h3 hxg4 36. hxg4 Kf7 37. Kg2 g6 38. Kf3 gxf5 39. gxf5 Ke7
40. Ke4 Kd6 41. b4 a6 42. c4 a5 43. a3 Kc6 44. Bc3 axb4 45. axb4 Kd6 46. Bb2
Kc6 47. Bd4 1-0

[Event "14th IPCA WORLD INDIVIDUAL CHESS CH 201"]
[Site "Apatin - Banja Junakovic"]
[Date "2014.09.23"]
[Round "9.5"]
[White "Zavarsky, Juraj"]
[Black "Valenta, Vit"]
[Result "0-1"]
[WhiteElo "2012"]
[BlackElo "2134"]
[PlyCount "50"]
[EventDate "2014.09.16"]

1. d4 Nf6 2. Nf3 d6 3. Bg5 Nbd7 4. Nbd2 h6 5. Bh4 c5 6. e3 g6 7. dxc5 dxc5 8.
Be2 Bg7 9. O-O O-O 10. c3 b6 11. Qa4 Bb7 12. Ba6 Qc8 13. Bxb7 Qxb7 14. Qc2 Rfd8
15. a4 Qc6 16. Nc4 Qe6 17. Qe2 Nh5 18. Rfe1 Nf8 19. Nfd2 Rd7 20. f4 Rad8 21.
Rad1 f5 22. Ra1 Rd3 23. Bf2 a6 24. Red1 Nxf4 25. Qf1 Nh5 0-1

[Event "14th IPCA WORLD INDIVIDUAL CHESS CH 201"]
[Site "Apatin - Banja Junakovic"]
[Date "2014.09.23"]
[Round "9.6"]
[White "Vodyasov, Evgeny"]
[Black "Vovk, Viktor"]
[Result "0-1"]
[WhiteElo "2220"]
[BlackElo "2172"]
[PlyCount "54"]
[EventDate "2014.09.16"]

1. d4 Nf6 2. Nf3 g6 3. b3 Bg7 4. Bb2 d5 5. e3 Bf5 6. Be2 O-O 7. O-O Nc6 8. c4
h6 9. Nc3 g5 10. Ne5 Nxe5 11. dxe5 Nd7 12. cxd5 Nxe5 13. Qd2 c6 14. e4 Bg6 15.
h4 cxd5 16. exd5 Bf6 17. hxg5 hxg5 18. Rac1 Kg7 19. Rfd1 Rh8 20. d6 e6 21. Qe3
Qg8 22. Bf3 Qh7 23. g3 Nxf3+ 24. Qxf3 Bh5 25. Qg2 Qf5 26. f4 gxf4 27. gxf4+ Kh6
0-1

[Event "14th IPCA WORLD INDIVIDUAL CHESS CH 201"]
[Site "Apatin - Banja Junakovic"]
[Date "2014.09.23"]
[Round "9.7"]
[White "Ursic, Aleksander"]
[Black "Tersinsev, Andrey"]
[Result "0-1"]
[WhiteElo "1939"]
[BlackElo "2043"]
[PlyCount "116"]
[EventDate "2014.09.16"]

1. d4 d5 2. Nf3 Nf6 3. Bg5 e6 4. e3 c5 5. c3 Qb6 6. Qb3 Nc6 7. Nbd2 Be7 8. Bd3
c4 9. Qxb6 axb6 10. Bc2 b5 11. O-O b4 12. e4 bxc3 13. bxc3 O-O 14. Rfe1 b5 15.
e5 Ne8 16. Bxe7 Nxe7 17. a4 Nc7 18. axb5 Bb7 19. b6 Nb5 20. Rac1 Ra6 21. h4
Rfa8 22. Bb1 Rxb6 23. g4 Ra3 24. Re3 Bc6 25. Ne1 Rb7 26. Kg2 Nc8 27. Kg3 Nb6
28. Bc2 Rxc3 29. Rxc3 Nxc3 30. Bxh7+ Kxh7 31. Rxc3 Na4 32. Rc1 c3 33. Nb1 Rb3
34. f3 Bb5 35. h5 f6 36. Kf4 Kh6 37. Nc2 Bd3 38. Nba3 Bh7 39. exf6 gxf6 40. Re1
e5+ 41. dxe5 Nc5 42. Rd1 Nd3+ 43. Ke3 Nxe5 44. Rxd5 Rb2 45. g5+ fxg5 46. Rxe5
Bxc2 47. Nxc2 Rxc2 48. Rc5 Rc1 49. Kd3 Kxh5 50. f4 Rg1 51. f5 Rf1 52. Ke4 Re1+
53. Kf3 g4+ 54. Kf2 Rc1 55. Rc4 c2 56. f6 Kg6 57. Rxg4+ Kxf6 58. Rc4 Rh1 0-1

[Event "14th IPCA WORLD INDIVIDUAL CHESS CH 201"]
[Site "Apatin - Banja Junakovic"]
[Date "2014.09.23"]
[Round "9.8"]
[White "Riekkinen, Keijo"]
[Black "Kaydanovich, Marina"]
[Result "1-0"]
[WhiteElo "1671"]
[BlackElo "1824"]
[PlyCount "137"]
[EventDate "2014.09.16"]

1. c4 Nc6 2. Nc3 e5 3. g3 Nf6 4. Bg2 Bb4 5. e3 Bxc3 6. bxc3 O-O 7. d4 exd4 8.
cxd4 d5 9. cxd5 Nxd5 10. Bd2 Re8 11. Ne2 Bg4 12. f3 Bh5 13. e4 Nb6 14. d5 Ne5
15. Nf4 Bg6 16. O-O Nec4 17. Bc1 Qf6 18. Rb1 Rad8 19. Qb3 Qd4+ 20. Kh1 Nd2 21.
Bxd2 Qxd2 22. Rfd1 Qa5 23. Rdc1 Re7 24. h4 h6 25. Nxg6 fxg6 26. d6+ Rf7 27.
Rxc7 Rdd7 28. Rxd7 Nxd7 29. Bh3 Nc5 30. Qd5 Qc3 31. Rf1 Kf8 32. d7 Nxd7 33.
Bxd7 Rxf3 34. Qd6+ Kg8 35. Rxf3 Qxf3+ 36. Kg1 Qe3+ 37. Kf1 Qf3+ 38. Ke1 Qxe4+
39. Kd2 Qg2+ 40. Kc3 Qf3+ 41. Kd4 Qf2+ 42. Kc3 Qe3+ 43. Qd3 Qe5+ 44. Kb3 a5 45.
Bb5 Kh7 46. Bc4 Qc5 47. a3 h5 48. Qd5 Qe3+ 49. Ka4 Qe8+ 50. Kxa5 Qe1+ 51. Kb6
Qe3+ 52. Kxb7 Qe7+ 53. Ka6 Qxa3+ 54. Kb7 Qe7+ 55. Kc6 Qe8+ 56. Kc5 Qe3+ 57. Kb4
Qb6+ 58. Kc3 Qe3+ 59. Qd3 Qe1+ 60. Kd4 Qf2+ 61. Qe3 Qb2+ 62. Ke4 Qg2+ 63. Qf3
Qc2+ 64. Bd3 Qa4+ 65. Ke3 Qa7+ 66. Ke2 Qd4 67. Qxh5+ Kg8 68. Qxg6 Qe5+ 69. Kf2
1-0

[Event "14th IPCA WORLD INDIVIDUAL CHESS CH 201"]
[Site "Apatin - Banja Junakovic"]
[Date "2014.09.23"]
[Round "9.9"]
[White "Linqvist, Grels"]
[Black "Sataeva, Lana"]
[Result "1-0"]
[WhiteElo "2026"]
[BlackElo "1483"]
[PlyCount "69"]
[EventDate "2014.09.16"]

1. c4 e5 2. Nc3 Nf6 3. g3 c6 4. Nf3 e4 5. Nd4 Be7 6. d3 d5 7. cxd5 cxd5 8. Bg2
exd3 9. Qxd3 Be6 10. O-O O-O 11. Nxe6 fxe6 12. Bh3 Qb6 13. Be3 Qc6 14. Rac1 Qd7
15. Rfd1 Nc6 16. Qb5 a6 17. Qb3 Na5 18. Qb6 Nc6 19. f4 Bd8 20. Qb3 g6 21. Nxd5
Nxd5 22. Rxd5 Qg7 23. Bxe6+ Kh8 24. Rd7 Be7 25. Qxb7 Rab8 26. Qxc6 Rbc8 27.
Qxc8 Rxc8 28. Rxc8+ Bf8 29. Rxg7 Kxg7 30. Bd4+ Kh6 31. Rxf8 a5 32. Rf7 a4 33.
Bg4 g5 34. f5 a3 35. Bg7# 1-0